Culture Architecture And Design. (Record no. 84060)

MARC details
000 -LEADER
fixed length control field 00400nam a2200157Ia 4500
008 - FIXED-LENGTH DATA ELEMENTS--GENERAL INFORMATION
fixed length control field 230116s9999 xx 000 0 und d
020 ## - INTERNATIONAL STANDARD BOOK NUMBER
International Standard Book Number 9780974673608
041 ## - LANGUAGE CODE
Language code of text/sound track or separate title eng
082 ## - DEWEY DECIMAL CLASSIFICATION NUMBER
Classification number 720.22
100 ## - MAIN ENTRY--PERSONAL NAME
Personal name Rapoport A.
9 (RLIN) 106472
245 ## - TITLE STATEMENT
Title Culture Architecture And Design.
260 ## - PUBLICATION, DISTRIBUTION, ETC. (IMPRINT)
Name of publisher, distributor, etc. Loke Science Publishing Company.
Date of publication, distribution, etc. 2005
300 ## - PHYSICAL DESCRIPTION
Extent 136
906 ## - LOCAL DATA ELEMENT F, LDF (RLIN)
b 37.0
Holdings
Withdrawn status Lost status Source of classification or shelving scheme Damaged status Not for loan Collection code Home library Current library Date acquired Vendor Cost, normal purchase price Bill number Total Checkouts Full call number Barcode Date last seen Date last checked out Cost, replacement price Bill Date Koha item type Original Barcode
    Dewey Decimal Classification     Book of B Arch Dr. Bhanuben Nanavati College of Architecture Dr. Bhanuben Nanavati College of Architecture 23/12/2022 Metro Books 2412.59 2088 5 720.22 RAP BNCA-BK-12112 13/03/2026 13/03/2026 3829.50 16/01/2023 Reference book B012112